|
|
|
|
| LEADER |
00000cam a2200000 7i4500 |
| 001 |
0000278771 |
| 005 |
20210304154059.0 |
| 020 |
|
|
|a 9789674129620
|
| 090 |
0 |
0 |
|a 535
|b MOH
|
| 100 |
0 |
|
|a Mohd Syuhaimi Ab Rahman
|
| 245 |
1 |
0 |
|a Spektrum cahaya :
|b menurut pandangan sains dan Islam
|c Mohd Syuhaimi Ab Rahman, Rohaizan Baru, Syed Hadzrullathfi Syed Omar
|
| 260 |
|
|
|a Bangi :
|b Penerbit Universiti Kebangsaan Malaysia ,
|c 2019
|
| 300 |
|
|
|a 99p. ;
|c 23cm.
|
| 650 |
|
0 |
|a Government publications
|z Malaysia
|
| 650 |
|
0 |
|a Islam and science
|
| 650 |
|
0 |
|a Light
|
| 650 |
|
0 |
|a Light
|x Religious aspects
|b Islam
|
| 700 |
0 |
|
|a Rohaizan Baru
|
| 700 |
0 |
|
|a Syed Hadzrullathfi Syed Omar
|
| 999 |
|
|
|a 00387182
|b BUKU
|c PINJAMAN
|e PERPUSTAKAAN KOMUNITI PETALING JAYA
|